000 00399nam a2200145Ia 4500
008 210210b1978 xxu||||| |||| 00| 0 eng d
082 _a346.0682 INDI
100 _aINDIAN.
245 _aINDIAN PARTNERSHIP act . Act no xxvi of 1932.
260 _aAllahabad
_bAllahabad Law Agency
_c1978
300 _a20
650 _aIndian partnership act Bare act
690 _aCompany Law
906 _aSG01169
999 _c112793
_d112793